000 00815nas a2200265 4500
001 BR9200498
003 BR-BrBNA
005 20231205092250.0
007 ta
008 230509b bl.|||p| |||| 00| 00por d
040 _aBR-BrBNA
_bpor
_cBiblioteca Nacional de Agricultura
041 _a(Pt)
072 _aH01
100 1 _aBueno, V.H.P.
100 1 _aBerti Filho, E.
245 1 _aControle biologico de insetos com predadores
650 _aINSETO PARA CONTROLE BIOLOGICO
650 _aDEFESA VEGETAL
650 _aCONTROLE BIOLOGICO
650 _aPREDADOR
650 _aPRATICO
773 0 _tInforme Agropecuario - Empresa de Pesquisa Agropecuaria de Minas Gerais (Brazil)
_xISSN 0100-3364
_g(1991), v. 15(167) p. 41-52
_wBR9200498
909 _a202311
_bLúcia
_c55
_dLúcia Elande
942 _2AGRIS
_n0
_cANA
999 _c130526
_d130526